| 000 | 00880nam a2200241 i 4500 | ||
|---|---|---|---|
| 001 | 92305 | ||
| 003 | ES-MaACL | ||
| 005 | 20230906180936.0 | ||
| 007 | t| | ||
| 008 | 050224s1973 sp af |||| | spa d | ||
| 080 | _a615.82 | ||
| 100 | 1 |
_aLicht, Sidney. _972182 |
|
| 245 | 1 | 0 |
_aMasaje, manipulación y tracción / _cSidney Licht ; versión... de los doctores J. A. Domínguez Delgado, Mª del Carmen Bernia y Pardo de Santayán ; revisión del doctor Pedro López-Onega. |
| 250 | _a1ª ed. | ||
| 260 |
_aBarcelona : _bToray, _c1973. |
||
| 300 |
_aXIV, 295 p., II lám. col. : _bil., grab. ; _c23 cm. |
||
| 650 | 4 |
_aMasaje terapéutico. _9146814 |
|
| 650 | 4 |
_aFisioterapia. _9140466 |
|
| 700 | 1 |
_aDomínguez Delgado, J. A. _945206 |
|
| 700 | 1 |
_aBernia y Pardo de Santayán, María del Carmen. _928340 |
|
| 700 | 1 |
_aLópez Onega, Pedro. _973841 |
|
| 852 |
_aES-MaACL _jC-53841 |
||
| 999 |
_c92305 _d92305 |
||